| 000 | 01012nam a22001937a 4500 | ||
|---|---|---|---|
| 008 | 100805s1974ua|||||r||||o000 0 ara d | ||
| 082 |
_a341.733 _bب ا ت |
||
| 100 |
_917091 _aباتسانوف، بوريس |
||
| 245 |
_aنزع السلاح... مستقبل الإنسانية/ _cبقلم بوريس باتسانوف، فلاديمير إيفانوف؛ تعريب وتعليق خيري حماد |
||
| 260 |
_a[القاهرة]: _bالهيئة المصرية العامة للكتاب، 1974 _c1974 |
||
| 300 |
_a241 ص؛ _c22 سم |
||
| 500 | _aترجمة لكتاب :Disarmament Mankind's Future | ||
| 541 |
_a؛ألف باء _c؛شراء |
||
| 650 |
_916088 _aالسياسة الخارجية |
||
| 700 |
_917099 _aإيفانوف، فلاديمير |
||
| 700 |
_917100 _aحماد، خيري _eتعريب وتعليق |
||
| 942 |
_2ddc _cBB |
||
| 999 |
_c14616 _d14616 |
||